Researh Methodology (Record no. 3179)

MARC details
000 -LEADER
fixed length control field 00401nam a22001697a 4500
005 - DATE AND TIME OF LATEST TRANSACTION
control field 20180220153906.0
008 - FIXED-LENGTH DATA ELEMENTS--GENERAL INFORMATION
fixed length control field 160618b xxu||||| |||| 00| 0 eng d
020 ## - INTERNATIONAL STANDARD BOOK NUMBER
ISBN 81-7446-497-2
041 ## - LANGUAGE CODE
Language code of text/sound track or separate title eng
082 ## - DEWEY DECIMAL CLASSIFICATION NUMBER
Item number 8298
Classification number 001.42
100 ## - MAIN ENTRY--AUTHOR NAME
Personal name Bhattcharya, Dipak Kumar
245 ## - TITLE STATEMENT
Title Researh Methodology
260 ## - PUBLICATION, DISTRIBUTION, ETC. (IMPRINT)
Name of publisher Excel book
Year of publication 2006
300 ## - PHYSICAL DESCRIPTION
Number of Pages 376
650 ## - SUBJECT ADDED ENTRY--TOPICAL TERM
Topical Term Management
942 ## - ADDED ENTRY ELEMENTS (KOHA)
Koha item type Books
Holdings
Lost status Damaged status Home library Shelving location Date acquired Cost, normal purchase price Full call number Accession Number Koha item type Collection code Current library
    JRU Library SHELF- 8- B 18/06/2016 275.00 001.42 8298 Books    
    JRU Library   18/06/2016 275.00 001.42 8299 Books MANAGEMENT JRU Library